Teoría y problemas de teoría de conjuntos y temas afines

Bibliographic Details
Main Author: Lipschutz, Seymour
Format: Section = Libro
Language:Undetermined
Spanish
Published: México McGraw-Hill 1976
Subjects:
LEADER 00603nam a2200205Ia 4500
008 241007s9999||||xx |||||||||||||| ||und||
020 |a 968-451-131-0 
040 |a BIBLIOTECA-RURC/ 511.3 L767 
041 |a spa 
082 |a 511.3 L767 
100 1 |a Lipschutz, Seymour 
245 1 0 |a Teoría y problemas de teoría de conjuntos y temas afines 
260 |a México  |b McGraw-Hill  |c 1976 
300 |a 233 p. :il. 
650 7 |a TEORIA ELEMENTAL DE CONJUNTOS 
650 7 |b  CARDINALES, ORDINALES, INDUCCIÓN TRANSFINITA 
650 7 |c ALGEBRA DE PROPOSICIONES 
942 |c BK  |2 ddc 
991 |a TEXTO 
999 |c 14334